[Event "Lleida-ch U14"]
[Site "Balaguer"]
[Date "2014.02.08"]
[Round "3.5"]
[White "Cortasa Cortasa, Alex"]
[Black "Mir Carnice, Jordi"]
[Result "0-1"]
[WhiteElo "1700"]
[BlackElo "1732"]
[PlyCount "28"]
[EventDate "2014.01.25"]
[EventType "swiss"]
[EventRounds "6"]
[EventCountry "ESP"]
[SourceTitle "EXT 2024"]
[Source "ChessBase"]
[SourceDate "2023.10.10"]
[SourceVersion "1"]
[SourceVersionDate "2023.10.10"]
[SourceQuality "1"]

1. d4 d5 2. Nc3 Nf6 3. Bg5 e6 4. Nf3 Be7 5. Ne5 Nbd7 6. Nd3 b6 7. e3 Bb7 8. Nb4 Bxb4 9. a3 h6 10. axb4 hxg5 11. Bb5 Qe7 12. Na2 0-0-0 13. 0-0 Qd6 14. Qd3 Qxh2# 0-1